| 000 | 00746nam a22002057a 4500 | ||
|---|---|---|---|
| 999 |
_c342381 _d342381 |
||
| 003 | Nust | ||
| 005 | 20171222155622.0 | ||
| 008 | 131218b xxu||||| |||| 00| 0 eng d | ||
| 020 |
_cAvailable _a9789694073415 |
||
| 040 | _c0 | ||
| 082 | _a181.07 SHA | ||
| 100 |
_aSharif,M.M _97174 |
||
| 245 |
_aA History of Muslim Philosophy, Vol. 1: _cSharif,M.M _bwith short accounts of other disciplines and the modern renaissance in muslim lands |
||
| 260 |
_aKarachi _bRoyal Book Company _c2007. |
||
| 300 | _a787-1792p. | ||
| 500 | _aH.B | ||
| 942 |
_2ddc _cBK _kIESE |
||